Introduction to heat transfer (Record no. 12445)

000 -LEADER
fixed length control field 00535nam a22001937a 4500
008 - FIXED-LENGTH DATA ELEMENTS--GENERAL INFORMATION
fixed length control field 231005b 2000 ||||| |||| 00| 0 eng d
020 ## - INTERNATIONAL STANDARD BOOK NUMBER
International Standard Book Number 9780133910612
082 ## - DEWEY DECIMAL CLASSIFICATION NUMBER
Classification number 621.4022
Item number ARP
100 ## - MAIN ENTRY--PERSONAL NAME
Personal name Arpaci, Vedat S.
245 ## - TITLE STATEMENT
Title Introduction to heat transfer
260 ## - PUBLICATION, DISTRIBUTION, ETC. (IMPRINT)
Place of publication, distribution, etc London
Name of publisher, distributor, etc Prentice Hall, Inc.
Date of publication, distribution, etc 2000
300 ## - PHYSICAL DESCRIPTION
Extent x, 611p.
650 ## - SUBJECT ADDED ENTRY--TOPICAL TERM
Topical term or geographic name as entry element Steady Conduction
650 ## - SUBJECT ADDED ENTRY--TOPICAL TERM
Topical term or geographic name as entry element Computational Conduction
650 ## - SUBJECT ADDED ENTRY--TOPICAL TERM
Topical term or geographic name as entry element Heat Exchangers
700 ## - ADDED ENTRY--PERSONAL NAME
Personal name Selamet, Ahmet
Relator term co-author
700 ## - ADDED ENTRY--PERSONAL NAME
Personal name Kao, Shu-Hsin
Relator term co-author
942 ## - ADDED ENTRY ELEMENTS (KOHA)
Item type Books
Holdings
Withdrawn status Lost status Source of classification or shelving scheme Damaged status Not for loan Collection code Permanent location Current location Shelving location Date acquired Total Checkouts Total Renewals Full call number Barcode Date last seen Date last borrowed Koha item type Public note
          Reference IMU-MPC Library IMU-MPC Library Reference 2023-10-05 1 2 621.4022 ARP MPC6792 2025-11-26 2025-11-10 Books Column - 24
Copyright © 2021 Indian Maritime University, Mumbai Port Campus. All Rights Reserved. Managed & Maintained by Central Library, IMU-Mumbai

webs counters

Powered by Koha